000 01269nac a22003017a 4500
001 BR3800059
003 BR-BrBNA
005 20240105112811.0
008 230509b bl.|||m| |||| 00| 0 por d
040 _aBR-BrBNA
_bpor
_cBiblioteca Nacional de Agricultura
072 _aE70
090 _a0600 BR3800059
110 1 _aSecretaria de Estado dos Negocios da Agricultura, Industria e Comercio do Estado de Sao Paulo, Sao Paulo (Brasil). Depto. de Assistencia ao Cooperativismo
_98946
245 1 _aA distribuicao de frutas pelo sistema cooperativa [Comercio exterior; Exportacao; Mercado internacional; Cooperativa de consumo]
260 3 _aSao Paulo, SP (Brasil):
_cSep 1938.
300 _a24 p.
490 _aPublicacao - Secretaria de Estado dos Negocios da Agricultura, Industria e Comercio do Estado de Sao Paulo. Depto. de Assistencia ao Cooperativismo (Brazil)
_vno. 58
_x
500 _a(*) Documento disponível na(o) INCRA, Brasilia, DF (Brazil)
650 _aComercializacao
650 _aFruta
650 _aCirculacao de mercadoria
650 _aComercio exterior
650 _aCooperativa de consumo
650 _aExportacao
650 _aMercado internacional
909 _a202312
_bLúcia Elande
_c55
_dLúcia Elande
942 _2AGRIS
_n0
_cMS
999 _c260359
_d260359